000 00658nam a2200277Ia 4500
005 20260324130622.0
008 008 260324s9999 xx 000 0 eng d
020 _a9780203931721
037 _aEBOOK
040 _aCRL
040 _beng
040 _cCRL
041 _2eng
041 _aeng
084 _qCRL
100 _aAnn Roberts; Avril Harpley
_91182456
245 0 _aHelping Children to be Competent Learners
260 _bTaylor and Francis
260 _c2007
365 _a
365 _b89.99
856 _uhttp://www.taylorfrancis.com/books/9780203931721
942 _cEBOOK
999 _c1778782
_d1778782